Pays avec médailles olympiques les plus annulées - Statistiques

Statistiques générales
  • Ce quiz a été pris 109 fois
  • Le résultat moyen est 6 sur 13
Statistiques - réponses
médailles pays % Correct
36 Russie
99%
11 Etats-Unis
95%
4 Chine
85%
10 Ukraine
59%
4 Espagne
57%
11 Biélorussie
43%
5 Turquie
43%
9 Kazakhstan
31%
4 Hongrie
29%
7 Bulgarie
27%
3 Suède
24%
3 Ouzbékistan
21%
3 Arménie
11%
Aucun quiz correspondant
Distribution des résultats
% des personnes avec chaque résultat
Percentile par nombre de réponses
Votre historique - résultats
Vous n’avez pas pris ce quiz